000 00549nam a2200205Ia 4500
003 OSt
005 20230505092449.0
008 210423s1992 xx 000 0 und d
020 _a8131505421
040 _cAL
041 _aeng
082 _a543.07 SKOP
100 _aSKOOG (Douglas A);LEARY (James J)
_998402
245 _aPrinciples of instrumental analysis
260 _aLondon
_bSaunders College Publishing
_c1992
300 _axii,700,ABI,I21
_bPB
365 _cINR
906 _aanalysis ; instrumental ; Principles
942 _2ddc
_cBK
999 _c163280
_d163280